Cesty a diaľnice na Slovensku v medzivojnovom období nástup automobilovej doby v znamení Prvej československej republiky

Bibliographic Details
Main Author: Ďurčo, Michal, 1991- (Author)
Format: Book
Language:Slovak
PhysicalDescription:230 strán fotografie, grafy, ilustrácie, mapy 24 cm
Published: Bratislava Veda 2020
ISBN:9788022418683
Subjects:

MARC

LEADER 00000cam a2200000 4500
001 vtls012053424
003 SK-MaSNL
005 20260425223134.0
008 210510s2020 xo odabgrn 001 0dslo
015 |a SNBA2023/03 
020 |a 9788022418683  |q (brožované) 
040 |a SNK  |b slo  |c SNK  |e rda 
041 0 |a slo  |b eng 
043 |a e-xo--- 
044 |a xo  |c SK 
072 7 |a 656.1/.5  |x Pozemná doprava  |2 konspekt 
080 |a 625.711.1/.3  |2 2011 
080 |a 625.711.3  |2 2011 
080 |a 656.13  |2 2011 
080 |a (437.6)  |2 2011 
080 |a (048.8)  |2 2011 
080 |a 656.1  |2 2011 
100 1 |a Ďurčo, Michal,  |d 1991-  |4 aut  |9 328430 
245 1 0 |a Cesty a diaľnice na Slovensku v medzivojnovom období  |b nástup automobilovej doby v znamení Prvej československej republiky  |c Michal Ďurčo 
246 3 0 |a Nástup automobilovej doby v znamení Prvej československej republiky 
264 1 |a Bratislava  |b Veda  |c 2020 
300 |a 230 strán  |b fotografie, grafy, ilustrácie, mapy  |c 24 cm 
336 |a text  |b txt  |2 rdacontent 
337 |a bez média  |b n  |2 rdamedia 
338 |a zväzok  |b nc  |2 rdacarrier 
500 |a Biografické údaje o autorovi na zadnej strane publikácie. Zoznam obrázkov, máp a grafov. Zoznam skratiek a značiek 
504 |a Bibliografia na strane 211-220. Bibliografické odkazy. Menný a miestny register 
546 |a Anglické resumé 
648 7 |a 1918-1939  |2 SNKPH  |9 283412 
650 0 7 |a cesty  |2 SNKPH  |9 25096 
650 0 7 |a diaľnice  |2 SNKPH  |9 14603 
650 0 7 |a Roads  |2 SNKPHeng  |9 304409 
650 0 7 |a Express highways  |2 SNKPHeng  |9 328431 
650 0 7 |a automobilová doprava  |2 SNKPH  |9 67606 
650 0 7 |a Motor transportation  |2 SNKPHeng  |9 328432 
651 7 |a Slovensko  |2 SNKPHgeo  |9 14231 
651 7 |a Slovakia  |2 SNKPHeng  |9 92630 
655 7 |a monografie  |2 SNKPH  |9 70139 
655 7 |a Monographs  |2 SNKPHeng  |9 120675 
919 |a 978-80-224-1868-3 
954 |a odborná, vedecká literatúra pôvodná (slovenská)  |2 lita 
958 |a NB 
999 |c 577611  |d 579541 
952 |a SNK  |b SNK  |y PREZ  |7 0  |p 17A1453933  |o snkSC 192839  |i snk2021/6250  |8 0  |0 0  |1 0  |4 0  |d 2021-06-02  |l 0  |r 2025-10-09 00:00:00  |w 2026-02-23 
952 |a SNK  |b SNK  |y VYP  |7 0  |p 17A1454756  |o snkSC 192839 D1  |i snk2021/7842  |8 3  |g 13.22  |0 0  |1 0  |4 0  |d 2021-06-30  |l 0  |r 2026-02-23 14:38:44  |w 2026-02-23